000
00284nam a22001337a 4500
008
170220b xxu||||| |||| 00| 0 eng d
020
_a
9781416037859
041
_a
eng
080
_a
615
100
_a
5
101
_a
SHM
245
_a
PHAMARCY TECHNICIAN
_c
T.HOPPER
942
_2
udc
_c
BK
999
_c
5877
_d
5877